ARRUPE JESUIT UNIVERSITY

CORONAVIRUS -STOP THE SPREAD - CLEAN,DISINFECT,COVER

Jesuit postmodern : (Record no. 121450)

MARC details
000 -LEADER
fixed length control field 03026pam a22003854a 4500
001 - CONTROL NUMBER
control field 5610500
003 - CONTROL NUMBER IDENTIFIER
control field ARRUPE
005 - DATE AND TIME OF LATEST TRANSACTION
control field 20141210135126.0
008 - FIXED-LENGTH DATA ELEMENTS--GENERAL INFORMATION
fixed length control field 051011s2006 mdu b 000 0deng
010 ## - LIBRARY OF CONGRESS CONTROL NUMBER
LC control number 2005029532
020 ## - INTERNATIONAL STANDARD BOOK NUMBER
International Standard Book Number 073911400X (cloth : alk. paper)
020 ## - INTERNATIONAL STANDARD BOOK NUMBER
International Standard Book Number 0739114018 (pbk. : alk. paper)
035 ## - SYSTEM CONTROL NUMBER
System control number (OCoLC)ocm62133682
035 ## - SYSTEM CONTROL NUMBER
System control number (NNC)5610500
040 ## - CATALOGING SOURCE
Original cataloging agency DLC
Transcribing agency DLC
Modifying agency YDX
-- BAKER
-- OrLoB-B
042 ## - AUTHENTICATION CODE
Authentication code pcc
043 ## - GEOGRAPHIC AREA CODE
Geographic area code n-us---
050 00 - LIBRARY OF CONGRESS CALL NUMBER
Classification number BX3708
Item number .J39 2006
082 00 - DEWEY DECIMAL CLASSIFICATION NUMBER
Classification number 271/.53
Edition number 22
300 ## - PHYSICAL DESCRIPTION
Dimensions 23 cm.
245 00 - TITLE STATEMENT
Title Jesuit postmodern :
Remainder of title scholarship, vocation, and identity in the 21st century /
Statement of responsibility, etc edited by Francis X. Clooney.
260 ## - PUBLICATION, DISTRIBUTION, ETC. (IMPRINT)
Place of publication, distribution, etc Lanham, MD :
Name of publisher, distributor, etc Lexington Books,
Date of publication, distribution, etc c2006.
300 ## - PHYSICAL DESCRIPTION
Extent vi, 220 p. ;
504 ## - BIBLIOGRAPHY, ETC. NOTE
Bibliography, etc Includes bibliographical references.
505 00 - FORMATTED CONTENTS NOTE
Miscellaneous information 1.
Title Introducing ourselves /
Statement of responsibility Francis X. Clooney --
Miscellaneous information 2.
Title Confessions of an Aristotelian Christian /
Statement of responsibility Arthur Madigan --
Miscellaneous information 3.
Title A philosophical dissection of a Jesuit scholar /
Statement of responsibility William E. Stempsey --
Miscellaneous information 4.
Title What difference does it make for me as a liturgist to be a Jesuit - or vice versa? /
Statement of responsibility Bruce T. Morrill --
Miscellaneous information 5.
Title The American Jesuit theologian /
Statement of responsibility Roger Haight --
Miscellaneous information 6.
Title Philosophizing after the Holocaust /
Statement of responsibility James Bernauer --
Miscellaneous information 7.
Title Studying physics and Jesuit life : worldliness and life as an immigrant /
Statement of responsibility Ronald Anderson --
Miscellaneous information 8.
Title Francis Xavier, and the world/s we (don't quite) share /
Statement of responsibility Francis X. Clooney --
Miscellaneous information 9.
Title A tale of two comings out : priest and gay on a Catholic campus /
Statement of responsibility Thomas J. Brennan --
Title Epilogue : do Jesuit scholarly endeavors cohere? : self-reckoning and the postmodern challenge /
Statement of responsibility William Rehg.
520 1# - SUMMARY, ETC.
Summary, etc "In Jesuit Postmodern, Francis X. Clooney, S.J., has joined with eight other American Jesuit scholars teaching at universities to reflect on their scholarly work, why they engage in it, and how the work they do coheres with their self-understanding as Jesuits. In accounts that weave together scholarly lives and personal stories, the contributors to this volume explore the irreducible diversity of their experiences and criticize the dominant modern synthesis that shaped Jesuit institutions of higher education from the 1960s to the 1990s. While the contrapuntal display of voices enunciated in this collection will unsettle the conventional and still dominant ways of talking about Jesuits, scholarship, and religious intellectual inquiry, Jesuit Postmodern does not end the conversation, but pushes scholars to talk more critically and imaginatively."--BOOK JACKET.
610 20 - SUBJECT ADDED ENTRY--CORPORATE NAME
Corporate name or jurisdiction name as entry element Jesuits
Geographic subdivision United States.
9 (RLIN) 12164
650 #0 - SUBJECT ADDED ENTRY--TOPICAL TERM
Topical term or geographic name as entry element Intellectuals
Geographic subdivision United States.
9 (RLIN) 13266
650 #0 - SUBJECT ADDED ENTRY--TOPICAL TERM
Topical term or geographic name as entry element Learning and scholarship
Geographic subdivision United States
General subdivision History
Chronological subdivision 20th century.
9 (RLIN) 13267
651 #0 - SUBJECT ADDED ENTRY--GEOGRAPHIC NAME
Geographic name United States
General subdivision Intellectual life
Chronological subdivision 20th century.
9 (RLIN) 13268
700 1# - ADDED ENTRY--PERSONAL NAME
Personal name Clooney, Francis X.
Fuller form of name (Francis Xavier),
Dates associated with a name 1950-
9 (RLIN) 13269
856 41 - ELECTRONIC LOCATION AND ACCESS
Materials specified Table of contents
Uniform Resource Identifier <a href="http://www.loc.gov/catdir/toc/ecip062/2005029532.html">http://www.loc.gov/catdir/toc/ecip062/2005029532.html</a>
900 ## - EQUIVALENCE OR CROSS-REFERENCE-PERSONAL NAME [LOCAL, CANADA]
Numeration TOC
942 ## - ADDED ENTRY ELEMENTS (KOHA)
Source of classification or shelving scheme Library of Congress Classification
Koha item type Monograph ( Printed materials)
948 1# - LOCAL PROCESSING INFORMATION (OCLC); SERIES PART DESIGNATOR (RLIN)
Series part designator, SPT (RLIN) 20060426
b (OCLC) c
c (OCLC) rad1
d (OCLC) MPS
Holdings
Withdrawn status Lost status Source of classification or shelving scheme Damaged status Not for loan Collection code Home library Current library Shelving location Date acquired Total Checkouts Full call number Barcode Date last seen Price effective from Koha item type
    Library of Congress Classification     Main Collection ARRUPE LIBRARY ARRUPE LIBRARY Main Collection 10/12/2014   BX3708 .J39 2006 46500003482 22/11/2017 10/12/2014 Monograph ( Printed materials)

 

Arrupe Library. PO Box MP320 Mt Pleasant, Harare, Zimbabwe
263 242 745411|librarian@aju.ac.zw